000 00492nam a2200205Ia 4500
003 GCL
008 140319s9999 xx 000 0 eng d
040 _aGCL /
_cGCL
082 0 4 _a759
_bW R
100 1 _aWERNER, ALFRED
245 1 0 _aRAOUL DUFY /
_cWERNER, ALFRED
260 _a[S.N] :
_bTHAMES AND HUDSON ،
_c1987
300 _a128 PP
650 0 4 _aARTS
650 0 4 _aHISTORY AND CRITICISM
650 0 4 _aPAINTING
650 0 4 _aPAINTERS
650 0 4 _aDUFY, RAOUL
942 _2ddc
_cBK
999 _c18953
_d18953